| 000 | 00380pab a2200157 454500 | ||
|---|---|---|---|
| 008 | 180718b2017 xxu||||| |||| 00| 0 eng d | ||
| 100 | _aSingh, Bhartendu Kumar | ||
| 245 | _aLessons from the Chinese aircraft carrier | ||
| 260 | _c2017 | ||
| 300 | _ap.8-9. | ||
| 362 | _a3 Jun | ||
| 650 | _aAircraft - China | ||
| 650 | _aAircraft | ||
| 773 | _aMainstream | ||
| 909 | _a114809 | ||
| 999 |
_c114803 _d114803 |
||